| 000 | 00775nam a2200241Ia 4500 | ||
|---|---|---|---|
| 003 | OSt | ||
| 005 | 20251208110052.0 | ||
| 008 | 210716s2002 xx 000 0 und d | ||
| 020 | _a8120320255 | ||
| 040 | _cAIMIT LIBRARY | ||
| 041 | _aeng | ||
| 082 |
_a006.37 _21 _bCHAR |
||
| 100 |
_aChaudhary, Rachna. _9248201 |
||
| 245 |
_aMicrosoft vba : _bprofessional projects / _cBy Rachna Chaudhary and Taruna Goel. |
||
| 250 | _a1st ed. | ||
| 260 |
_aNew Delhi : _bPrentice Hall of India PVt Ltd , _c2002. |
||
| 300 |
_axxvii,869p. ; _bPB _c24.1 cm |
||
| 650 |
_aVariables constants and expressions _9248202 |
||
| 650 |
_aAdvanced VBA concepts _9248203 |
||
| 650 |
_aWorking with user forms _9248204 |
||
| 700 |
_aGoel, Taruna. _9248205 |
||
| 942 |
_2ddc _cBK _e1st _k006.37 CHAR |
||
| 999 |
_c186135 _d186135 |
||